000 00812nam a2200217Ia 4500
001 8301
003 16652
005 20250410062545.0
008 ||||||n9999 ||| || ||
041 _aspa
110 _aInstituto Colombiano de Comercio Exterior
_982525
245 0 _aPreferencias arancelarias para la exportacion de manufacturas y semimanufacturas a los paises desarrollados
_bsistema general de preferencias aprobado por la conferencia de las naciones unidas sobre comercio y desarrollo (UNCTAD) con especial refrencia al potencial colombiano
260 _aBogotá :
_bINCOMEX,
_c1971.
300 _ap.v.
562 _e2
650 _aCOLOMBIA
_914498
650 0 _aExportaciones
_98350
650 _aINDUSTRIAS MANUFACTURERAS
_95656
650 _aPAÍSES DESARROLLADOS
_914499
942 _cDO-GO
999 _c8301
_d8301